Introduction to Probability and Statistics/ (Record no. 188486)

MARC details
000 -LEADER
fixed length control field 00696nam a22002057a 4500
005 - DATE AND TIME OF LATEST TRANSACTION
control field 20220525104022.0
010 ## - LCCN (DPL NO)
LC control number ENG-132812
020 ## - INTERNATIONAL STANDARD BOOK NUMBER
International Standard Book Number 9788131533048
Terms of availability 825.00
035 ## - SYSTEM CONTROL NUMBER
System control number EN-116344
037 ## - SOURCE OF ACQUISITION
Source of stock number/acquisition DBAD/PUB
082 ## - DEWEY DECIMAL CLASSIFICATION NUMBER
Classification number 519.2
100 ## - MAIN ENTRY--PERSONAL NAME
Personal name Mendenhall, William
245 ## - TITLE STATEMENT
Title Introduction to Probability and Statistics/
Statement of responsibility, etc William Mendenhall, Robert J. Beaver and Barabara M. Beaver
260 ## - PUBLICATION, DISTRIBUTION, ETC. (IMPRINT)
Place of publication, distribution, etc Delhi
Name of publisher, distributor, etc Cengage Learning India Private Limited
Date of publication, distribution, etc 2013
270 ## - ADDRESS
Address 418, F.I.E. Patparganj
City Delhi
Postal code 110092
Electronic mail address asia.infoindia@cengage.com
300 ## - PHYSICAL DESCRIPTION
Extent 720p
Other physical details Index
Dimensions 25cm(pbk)
700 ## - ADDED ENTRY--PERSONAL NAME
Personal name Beaver, Robert J.
700 ## - ADDED ENTRY--PERSONAL NAME
Personal name Beaver, Barbara M.
942 ## - ADDED ENTRY ELEMENTS (KOHA)
Source of classification or shelving scheme Dewey Decimal Classification
Item type English Books
Classification part 519.2
Call number suffix MEN
Holdings
Withdrawn status Lost status Not for loan Collection code Home library Current library Date acquired Source of acquisition Cost, normal purchase price Full call number Barcode Copy number Cost, replacement price Koha item type
      Non-fiction Patel Nagar Patel Nagar 25/05/2022 DBAD/PUB 825.00 519.2 MEN EN-116344 1 825.00 English Books

© Delhi Public Library
Hit Counter
free hit counter